000 01460cam a2200157 4500500
005 20260412000026.0
041 _afre
042 _adc
100 1 0 _aTrannoy, A.-I.
_eauthor
700 1 0 _aJagut, M. A.
_eauthor
700 1 0 _aPennor’s, Scott
_eauthor
245 0 0 _aPensées pour moi-même : Témoignages (1945-1986)
260 _bLes Belles lettres,
_c2015.
520 _a« Une excellente manière de te défendre d'eux, c'est d'éviter de leur ressembler. » VI, 6L’empereur philosophe eut un règne particulièrement riche et difficile : inondations, famines, épidémie se succédaient tandis qu’aux frontières la menace des Parthes et des Germains devenait toujours plus inquiétante. Entre deux batailles et deux expéditions, Marc-Aurèle notait ses réflexions et ses préceptes quand l’exercice du pouvoir lui en laissait le temps. C’est ainsi que les Pensées pour moi-même auraient été retrouvées par un proche peu de temps après sa mort en mars 180. D’un ton très personnel, l’ouvrage se fait l’écho du dialogue intérieur entre le politique et le philosophe. Ces écrits, toutefois, nous sont en fait destinés : l’auteur convie le lecteur à dialoguer avec lui et n’a de cesse de lui glisser, au creux de l’oreille, ses préceptes emprunts d’une grave sagesse et d’une profonde lucidité.
856 4 1 _uhttps://shs.cairn.info/pensees-pour-moi-meme--9782251445526?lang=fr&redirect-ssocas=7080
999 _c2208709
_d2208709